| 000 | 00504nam a2200145Ia 4500 | ||
|---|---|---|---|
| 008 | 191023s9999 xx 000 0 und d | ||
| 020 | _a9781305959002 | ||
| 100 | _aRys, John Van. | ||
| 245 |
_cJohn Van Rys, Verne Meyer, Randall VanderMey, Pat Sebranek.-- _aThe College writer brief : _ba guide to thinking, writing, and researching / |
||
| 250 | _a6th ed | ||
| 260 |
_aUSA : _bCengage Learning _c2018 |
||
| 300 | _axxxi, 544 pages. | ||
| 650 | _aEnglish language -- rhetoric | ||
| 650 | _aReport writing | ||
| 999 |
_c362312 _d362312 |
||